Paradoxy výchovy / Radim Palouš
Record details
- ISBN: 978-80-246-1650-6
- Physical Description: 111 s. : il., portréty ; 22 cm
- Edition: Vyd. 1.
- Publisher: V Praze : Karolinum, 2009
Content descriptions
| Bibliography, etc. Note: | Obsahuje bibliografické odkazy a rejstřík |
| Issuing Body Note: | Vydavatel: Univerzita Karlova v Praze |
Search for related items by subject
| Subject: | filozofie výchovy philosophy of education |
| Genre: | studie studies |
Available copies
- 1 of 1 copy available at Common Catalog SPOK.
Holds
- 0 current holds with 1 total copy.
Show Only Available Copies
| Location | Call Number / Copy Notes | Barcode | Shelving Location | Status | Due Date |
|---|---|---|---|---|---|
| Jabok Library | FL-3/Pa | 424480023013 | Odborná literatura | Available | - |
| LDR | 01304cam a2200373 a 4500 | ||
|---|---|---|---|
| 001 | 8881 | ||
| 003 | CZ-PrJAB | ||
| 005 | 20220628142106.0 | ||
| 007 | ta | ||
| 008 | 090629s2009 xr ac f 001 0 cze | ||
| 015 | . | ‡acnb001969576 | |
| 020 | . | ‡a978-80-246-1650-6 ‡q(váz.) | |
| 035 | . | ‡a(CZ PrNK)nkc20091969576 | |
| 035 | . | ‡a(OCoLC)436264504 | |
| 040 | . | ‡aPNA001 ‡bcze ‡dABA001 | |
| 072 | 7. | ‡a37 ‡xVýchova a vzdělávání ‡2Konspekt ‡922 | |
| 080 | . | ‡a37.013.73 ‡2MRF | |
| 080 | . | ‡a(048.8) ‡2MRF | |
| 100 | 1 | . | ‡aPalouš, Radim, ‡d1924-2015 ‡7jk01091617 ‡4aut |
| 245 | 1 | 0. | ‡aParadoxy výchovy / ‡cRadim Palouš |
| 250 | . | ‡aVyd. 1. | |
| 260 | . | ‡aV Praze : ‡bKarolinum, ‡c2009 | |
| 300 | . | ‡a111 s. : ‡bil., portréty ; ‡c22 cm | |
| 504 | . | ‡aObsahuje bibliografické odkazy a rejstřík | |
| 550 | . | ‡aVydavatel: Univerzita Karlova v Praze | |
| 650 | 0 | 7. | ‡afilozofie výchovy ‡7ph120230 ‡2czenas |
| 650 | 0 | 9. | ‡aphilosophy of education ‡2eczenas |
| 655 | 7. | ‡astudie ‡7fd133597 ‡2czenas | |
| 655 | 9. | ‡astudies ‡2eczenas | |
| 710 | 2 | . | ‡aUniverzita Karlova ‡7kn20010710036 |
| 910 | . | ‡aABG312 | |
| 901 | . | ‡a8881 ‡bUnknown ‡c8881 ‡tbiblio | |